Ratford and Hayward (Receivers and Managers of Sabre Tooling Ltd) v Northavon District Council (Record no. 990)

MARC details
000 -LEADER
fixed length control field 01573cab a2200217 4500
001 - CONTROL NUMBER
control field ABS37035
008 - FIXED-LENGTH DATA ELEMENTS--GENERAL INFORMATION
fixed length control field 090401t1986 xxu||||| |||| 00| 0 eng d
035 ## - SYSTEM CONTROL NUMBER
System control number (Sirsi) u1728
041 ## - LANGUAGE CODE
Language code of text/sound track or separate title eng
245 ## - TITLE STATEMENT
Title Ratford and Hayward (Receivers and Managers of Sabre Tooling Ltd) v Northavon District Council
260 ## - PUBLICATION, DISTRIBUTION, ETC.
Date of publication, distribution, etc. 1986
350 ## - PRICE (NR) (BK AM CF MU VM SE) [OBSOLETE]
Price 0
490 ## - SERIES STATEMENT
Series statement Rating Appeals
Volume/sequential designation (1986) RA 137-160(13)
520 ## - SUMMARY, ETC.
Summary, etc. CA 20 May 1986. An appeal from QBD dismissing receiver`s appeal against an order of magistrates` court issuing a distress warrant against the receivers for rates on a factory in Bristol . The company who owned the factory was in debt to a bank which exercised its option to appoint receivers to carry on and manage the business. The receivers were deemed to be the agent or agents of the company and solely responsible for his or their acts or defaults and for his or their renumeration. The rating authority received notification of the appointment,concluded that this meant a change in rateable occupation from company to receivers and demanded payment from the receivers which they refused to pay mainly on the grounds that they were not in rateable occupation . The authority applied for a distress warrant which was issued and upheld by QBD. On appeal, CA held, that the receivers were in occupation as the company`s agent, to manage the business, but not to dispossess the company of the fact
650 ## - SUBJECT ADDED ENTRY--TOPICAL TERM
Topical term or geographic name entry element BURDEN OF PROOF
650 ## - SUBJECT ADDED ENTRY--TOPICAL TERM
Topical term or geographic name entry element LIABILITY
650 ## - SUBJECT ADDED ENTRY--TOPICAL TERM
Topical term or geographic name entry element RATING APPEAL
690 ## - LOCAL SUBJECT ADDED ENTRY--TOPICAL TERM (OCLC, RLIN)
Topical term or geographic name as entry element RATING AND VALUATION-CASE LAW
942 ## - ADDED ENTRY ELEMENTS (KOHA)
Suppress in OPAC 0
948 ## - LOCAL PROCESSING INFORMATION (OCLC); SERIES PART DESIGNATOR (RLIN)
c (OCLC) 04/03/1997
Holdings
Withdrawn status Lost status Source of classification or shelving scheme Damaged status Not for loan Home library Current library Shelving location Date acquired Total Checkouts Full call number Barcode Date last seen Copy number Price effective from Koha item type
    Dewey Decimal Classification     London London Journal article 14/09/1999   ABS37035 1728-1001 06/08/2019 1 06/08/2019 Law report